Statistics for Sydney Swans Best and Fairest Winners

Click here to take the quiz!

General Stats

  • This quiz has been taken 55 times
    (24 since last reset)
  • The average score is 29 of 96

Answer Stats

YearPlayer% Correct
1995Tony Lockett
93%
2006Adam Goodes
86%
2011Adam Goodes
86%
2003Adam Goodes
86%
2019Dane Rampe
79%
2021Luke Parker
79%
2014Luke Parker
79%
2017Luke Parker
79%
2022Callum Mills
71%
2016Josh Kennedy
71%
2015Josh Kennedy
71%
2012Josh Kennedy
71%
1967Bob Skilton
64%
1964Bob Skilton
64%
1963Bob Skilton
64%
1962Bob Skilton
64%
1968Bob Skilton
64%
1961Bob Skilton
64%
1959Bob Skilton
64%
1965Bob Skilton
64%
1958Bob Skilton
64%
1992Paul Kelly
64%
1993Paul Kelly
64%
1996Paul Kelly
64%
1997Paul Kelly
64%
2004Barry Hall
57%
2008Jarrad McVeigh
57%
2013Jarrad McVeigh
57%
2010Kieren Jack
57%
1947Bill Williams
50%
1950Bill Williams
50%
1946Bill Williams
50%
2001Paul Williams
50%
2002Paul Williams
50%
2020Jake Lloyd
43%
2018Jake Lloyd
43%
2009Ryan O'Keefe
43%
2005Brett Kirk
29%
2007Brett Kirk
29%
1966Max Papley
29%
1998Michael O'Loughlin
29%
1999Wayne Schwass
29%
1991Barry Mitchell
21%
1979Barry Round
21%
1981Barry Round
21%
1960Frank Johnson
21%
1987Gerard Healy
21%
1986Gerard Healy
21%
1988Gerard Healy
21%
1943Herbie Matthews
14%
1940Herbie Matthews
14%
1936Herbie Matthews
14%
1937Herbie Matthews
14%
1939Herbie Matthews
14%
1957Jim Taylor
14%
1953Jim Taylor
14%
1989Mark Bayes
14%
1994Daryn Cresswell
7%
1977Graham Teasdale
7%
1978John Murphy
7%
1938Len Thomas
7%
1931Len Thomas
7%
1975Peter Bedford
7%
1971Peter Bedford
7%
1973Peter Bedford
7%
1970Peter Bedford
7%
1969Peter Bedford
7%
1976Rick Quade
7%
2000Andrew Schauble
0%
1984Bernie Evans
0%
1932Bill Paul
0%
1928Charlie Stanbridge
0%
1929Danny Wheelahan
0%
1982David Ackerly
0%
1980David Ackerly
0%
1954Eddie Lane
0%
1933Harry Clarke
0%
1927Hec McKay
0%
1955Ian Gillett
0%
1945Jack Graham
0%
1942Jim Cleary
0%
1944Jim Cleary
0%
1956Jim Dorgan
0%
1952Keith Schaefer
0%
1983Mark Browning
0%
1974Norm Goss
0%
1941Rex Ritchie
0%
1951Ron Clegg
0%
1949Ron Clegg
0%
1948Ron Clegg
0%
1930Ron Hills
0%
1935Ron Hills
0%
1972Russell Cook
0%
1985Stephen Wright
0%
1990Stephen Wright
0%
1934Terry Brain
0%

Score Distribution

Percentile by Number Answered

Percent of People with Each Score

Your Score History

You have not taken this quiz since the last reset